LEADER 01347nam a2200301 i 4500 001 000000171042 003 CaOOAMICUS 005 20080416000000.0 008 080416s2008 it u000 u ita u 013 $a148466 020 $a978-88-215-6114-6 040 $aSeMil$bita 100 1 $aMazza, Giuseppe,$d<1976- >.$0(OLS)http://semarc/name/15158 245 10$aIncarnazione e umanità di Dio :$bfigure di un'eternità impura /$cGiuseppe Mazza ; prefazione di Elmar Salmann. 260 $aCinisello Balsamo :$bSan Paolo,$c2008. 300 $a229 p. ;$c21 cm. 490 0 $aUniverso teologia ;$v87. 500 $aContiene: Bibliografia. 650 4$aUmanità di Dio.$0(OLS)http://semarc/subject/12132 650 4$aDio - Incarnazione.$0(OLS)http://semarc/subject/9216 700 1 $aSalmann, Elmar,$c.$0(OLS)http://semarc/name/15776 830 0$aUniverso teologia ;$v87.$0(OLS)http://semarc/title/224 850 $aSeMil 852 $aSeMil$W1$xVenegono$y1$m2M II 140$j263468$B121919$CSeMilBibl$Z2$F133158 $81 961 $aAcquisto: Città Nuova (Agente) 996 $6020$a978-88-215-6114-6$9(OLS)http://semarc/number/158116 996 $6245$aIncarnazione e umanità di Dio :$bfigure di un'eternità impura$9(OLS)http://semarc/title/244688 996 $6260$aCinisello Balsamo :$bSan Paolo$9(OLS)http://semarc/publisher/30129 LEADER 01360nam a2200313 i 4500 001 000000121554 003 CaOOAMICUS 005 20260424165012.0 008 031229s1996 it u000 u ita u 020 $a88-18-89022-0 040 $aSeMil$bita 100 1 $aSimmons, Leo W.$0(OLS)http://semarc/name/50541 240 10$aSun Chief : The autobiography of a Hopi Indian.$0(OLS)http://semarc/title/178956 245 10$aCapo Sole :$bl'autobiografia di un indiano Hopi /$cLeo W. Simmons ; prefazione di Robert V. Hine ; traduzione e note di Alberto Paleari. 264 1$aMilano :$bRusconi,$c1996. 300 $a459 p. ;$c22 cm. 490 1 $aLa sacra pipa 650 4$aIndiani d'America - Hopi.$0(OLS)http://semarc/subject/23005 700 1 $aHine, Robert V.$0(OLS)http://semarc/name/50542 700 1 $aPaleari, Alberto.$0(OLS)http://semarc/name/50534 830 3$aLa sacra pipa.$0(OLS)http://semarc/title/14219 850 $aSeMil 852 $aSeMil$W1$xVenegono$y1$m3R IV 18$j270955$B76623$CSeMilBibl$Z2$F78322 $81 941 1 $a4 961 $aOmaggio: Martini Card. Carlo Maria 996 $6020$a88-18-89022-0$9(OLS)http://semarc/number/107046 996 $6245$aCapo Sole :$bl'autobiografia di un indiano Hopi$9(OLS)http://semarc/title/178955 996 $6264$aMilano :$bRusconi$9(OLS)http://semarc/publisher/30258